LEADER 01195nam a2200265 i 4500 001 000000186623 003 CaOOAMICUS 005 20161129000000.0 008 161129s1992 it u000 u ita u 013 $a164676 020 $a88-01-15543-3 040 $aSeMil$bita 100 1 $aCian, Luciano.$0(OLS)http://semarc/name/43662 245 13$aLa relazione d'aiuto :$belementi teorico-pratici per la formazione a una corretta comunicazione interpersonale /$cLuciano Cian. 260 $aLeumann (TO) :$bElle Di Ci,$c1992. 300 $a222 p. ;$c20 cm. 490 0 $aImmagine dell'uomo 650 4$aRelazione di aiuto.$0(OLS)http://semarc/subject/21973 830 0$aImmagine dell'uomo [Elledici].$0(OLS)http://semarc/title/8318 850 $aSeMil 852 $aSeMil$W1$xVenegono$y1$m2O II 484$j137310$B137310$CSeMilBibl$Z2$F216686 $81 961 $aOmaggio: Gallivanone don Franco 996 $6020$a88-01-15543-3$9(OLS)http://semarc/number/176920 996 $6245$aLa relazione d'aiuto :$belementi teorico-pratici per la formazione a una corretta comunicazione interpersonale$9(OLS)http://semarc/title/268343 996 $6260$aLeumann (TO) :$bElle Di Ci$9(OLS)http://semarc/publisher/29654 LEADER 01259nam a2200313 4500 001 000000345884 003 CaOOAMICUS 005 20210511111012.0 008 210510s2021 it 000 u ita r 020 $a978-88-944201-7-3 040 $aSeMil$bita 100 1 $aGiaccardi, Chiara,$d<1959- >.$0(OLS)http://semarc/name/47628 245 10$aVoglio una vita generativa /$cChiara Giaccardi, Mauro Magatti. 250 $a2. ed. 264 1$aBergamo :$bCooperativa Achille Grandi,$c2021. 300 $a90 p. ;$c18 cm 490 1 $aI libri di moltefedi 541 0 $aOmaggio mons. Mario Delpini 650 4$aPensiero generativo.$0(OLS)http://semarc/subject/46138 700 1 $aMagatti, Mauro,$d<1960- >.$0(OLS)http://semarc/name/43511 830 2$aI libri di Moltefedi.$0(OLS)http://semarc/title/435038 850 $aSeMil 852 $aSeMil$W1$xVenegono$y1$m2P I 957$j226074$B236934$CSeMilBibl$Z2$F236934 $81 941 1 $a7 961 $aOmaggio mons. Mario Delpini 996 $6020$a978-88-944201-7-3$9(OLS)http://semarc/number/293148 996 $6245$aVoglio una vita generativa$9(OLS)http://semarc/title/435052 996 $6264$aBergamo :$bCooperativa Achille Grandi$9(OLS)http://semarc/publisher/58243